f1 crashes with the highest g-force since 2015 - Statistics

General Stats
  • This quiz has been taken 36 times
    34 since last reset
  • The average score is 10 of 18
Answer Stats
g-force name driver % Correct
51g (2021) max verstappen
92%
30g (2015) max verstappen
92%
67g (2020) romain grosjean
77%
18g (2020) charles leclerc
69%
46g (2016) fernando alonso
69%
46g (2015) carlos sainz
65%
50g (2022) zhou guanyu
65%
50g (2024) lance stroll
62%
42g (2016) kevin magnussen
58%
30g (2024) george russell
54%
30g (2021) valtteri bottas
54%
68g (2024) yuki tsunoda
54%
46g (2017) kimi raikkonen
50%
20g (2025) jack doohan
38%
28g (2018) marcus ericsson
27%
11.5g (2015) daniil kvyat
23%
50g (2024) franco colapinto
23%
33g (2022) mick schumacher
23%
No matching quizzes found
Score Distribution
Percent of People with Each Score
Percentile by Number Answered
Your Score History
You have not taken this quiz since the last reset